Atlas of sedimentary rocks under the microscope

Αποθηκεύτηκε σε:
Λεπτομέρειες βιβλιογραφικής εγγραφής
Κύριος συγγραφέας: Adams, A. E.
Άλλοι συγγραφείς: MacKenzie, W. S., Guilford, C.
Μορφή: Βιβλίο
Γλώσσα:English
Δημοσίευση: London : Longman , 1991
Θέματα:
Ετικέτες: Προσθήκη ετικέτας
Δεν υπάρχουν, Καταχωρήστε ετικέτα πρώτοι!

MARC

LEADER 00000nam a2200000 i 4500
001 1/101043
008 951009s1991 eng d
020 |a 0-582-30118-1 
035 |l 10011940 
040 |a GR-MY-UA  |b gre  |e aacr 
041 0 |a eng 
082 0 |a 552.50222 
100 1 |a Adams, A. E. 
245 1 0 |a Atlas of sedimentary rocks under the microscope /  |c A. E. Adams; W. S. Mackenzie; C. Guilford 
260 |a London :   |b Longman ,   |c 1991 
300 |a 104 p.  |b ill. 
650 0 0 |a Rocks, Sedimentary  |x Atlases. 
700 1 |a MacKenzie, W. S. 
700 1 |a Guilford, C. 
852 |a INST  |b LESVOS  |e 19951009  |h 552.50222 ADA  |p 005100012526  |q 005100012526  |t BK  |y 0 
909 |a Λ  |b 040556 
922 |a 1ΕΛΗ  |c ΑΓΓΕΛΙΔΗΣ 
950 |a 148-1995-02-23